Orazio Gentileschi and the poetic tradition in Caravaggesque painting / (Record no. 26906)

000 -LEADER
fixed length control field 01305cam a2200325 i 4500
001 - CONTROL NUMBER
control field 4662264
005 - DATE AND TIME OF LATEST TRANSACTION
control field 20170207090736.0
008 - FIXED-LENGTH DATA ELEMENTS--GENERAL INFORMATION
fixed length control field 820426s1981 pauaf b 001 0beng
010 ## - LIBRARY OF CONGRESS CONTROL NUMBER
LC control number 80011452
020 ## - INTERNATIONAL STANDARD BOOK NUMBER
International Standard Book Number 0271002638
050 00 - LIBRARY OF CONGRESS CALL NUMBER
Classification number ND623.G366 B57 1981
100 1# - MAIN ENTRY--PERSONAL NAME
Personal name Bissell, R. Ward.
245 10 - TITLE STATEMENT
Title Orazio Gentileschi and the poetic tradition in Caravaggesque painting /
Statement of responsibility, etc. R. Ward Bissell.
260 ## - PUBLICATION, DISTRIBUTION, ETC. (IMPRINT)
Place of publication, distribution, etc. University Park :
Name of publisher, distributor, etc. Pennsylvania State University Press,
Date of publication, distribution, etc. c1981.
300 ## - PHYSICAL DESCRIPTION
Extent xi, 240 p., [72] leaves of plates :
Other physical details ill. ;
Dimensions 29 cm.
500 ## - GENERAL NOTE
General note Includes index.
504 ## - BIBLIOGRAPHY, ETC. NOTE
Bibliography, etc Bibliography: p. 119-129.
600 10 - SUBJECT ADDED ENTRY--PERSONAL NAME
Personal name Gentileschi, Orazio,
Dates associated with a name 1563-1638?
600 10 - SUBJECT ADDED ENTRY--PERSONAL NAME
Personal name Caravaggio, Michelangelo Merisi da,
Dates associated with a name 1573-1610
General subdivision Influence.
650 #0 - SUBJECT ADDED ENTRY--TOPICAL TERM
Topical term or geographic name as entry element Painters
Geographic subdivision Italy
General subdivision Biography.
856 42 - ELECTRONIC LOCATION AND ACCESS
Materials specified Contributor biographical information
Uniform Resource Identifier <a href="http://www.loc.gov/catdir/enhancements/fy1309/80011452-b.html">http://www.loc.gov/catdir/enhancements/fy1309/80011452-b.html</a>
856 42 - ELECTRONIC LOCATION AND ACCESS
Materials specified Publisher description
Uniform Resource Identifier <a href="http://www.loc.gov/catdir/enhancements/fy1309/80011452-d.html">http://www.loc.gov/catdir/enhancements/fy1309/80011452-d.html</a>
942 ## - ADDED ENTRY ELEMENTS (KOHA)
Source of classification or shelving scheme
Koha item type Hard Covered Materials
Holdings
Withdrawn status Lost status Source of classification or shelving scheme Damaged status Not for loan Home library Current library Shelving location Date acquired Source of acquisition Total Checkouts Full call number Barcode Date last seen Price effective from Koha item type
          MACHAKOS UNIVERSITY LIBRARY MACHAKOS UNIVERSITY LIBRARY Technical section 07/02/2017 Donation(BFA)   ND623.G366 B57 1981 34517 07/08/2018 07/02/2017 Hard Covered Materials
© Machakos University Library, Along The Highway, Machakos Wote Rd, Machakos, Kenya P.O. Box 136 - 90100 Machakos - Kenya

Tel: ( +254 ) 723 805829 OR Fax : 044-20353 OR Email: library@mksu.ac.ke